| 000 | 00539nam a2200181Ia 4500 | ||
|---|---|---|---|
| 003 | OSt | ||
| 005 | 20260120120251.0 | ||
| 008 | 210210b1928 xxu||||| |||| 00| 0 eng d | ||
| 040 | _cAL | ||
| 041 | _aKannada | ||
| 082 | _a858/197 | ||
| 100 |
_aSHANKARA ANNAJI KULAKARANI _9147102 _dಶಂಕರ ಅಣ್ಣಾಜಿ ಕುಲಕರ್ಣಿ |
||
| 245 |
_aSvami shraddhananda: _bಸ್ವಾಮಿ ಶ್ರದ್ಧಾನಂದ |
||
| 260 |
_aAnandavana _b- _c1928 |
||
| 690 |
_aBiography _9147103 |
||
| 906 | _a020740 | ||
| 942 |
_2ddc _cBK |
||
| 999 |
_c144894 _d144894 |
||